Geografía económica del Petróleo (Registro nro. 6105)
[ vista simple ]
| 000 -LEADER | |
|---|---|
| fixed length control field | 01151 a2200217 4500 |
| 001 - CONTROL NUMBER | |
| control field | 57037 |
| 005 - DATE AND TIME OF LATEST TRANSACTION | |
| control field | 20260407155833.0 |
| 008 - FIXED-LENGTH DATA ELEMENTS--GENERAL INFORMATION | |
| fixed length control field | 260407a1968 arg spa d |
| 003 - CONTROL NUMBER IDENTIFIER | |
| control field | AR-UNSa-BCEJYS |
| 040 ## - CATALOGING SOURCE | |
| Original cataloging agency | AR-UNSa-BCEJYS |
| Language of cataloging | spa |
| Transcribing agency | AR-UNSa-BCEJYS |
| 080 ## - UNIVERSAL DECIMAL CLASSIFICATION NUMBER | |
| Universal Decimal Classification number | 665.6/.7 |
| Common auxiliary subdivision | Procesos y productos de la industria del petróleo e industrias análogas |
| 041 ## - LANGUAGE CODE | |
| Language code of text/sound track or separate title | spa |
| 100 1# - MAIN ENTRY--PERSONAL NAME | |
| Personal name | Odell, Peter |
| 245 10 - TITLE STATEMENT | |
| Title | Geografía económica del Petróleo |
| 264 #1 - PRODUCTION, PUBLICATION, DISTRIBUTION, MANUFACTURE, AND COPYRIGHT NOTICE | |
| Place of production, publication, distribution, manufacture | Barcelona : |
| Name of producer, publisher, distributor, manufacturer | Oikos-tau |
| Date of production, publication, distribution, manufacture, or copyright notice | 1968 |
| 300 ## - PHYSICAL DESCRIPTION | |
| Extent | 272 p. |
| Dimensions | 21 cm. |
| 505 ## - FORMATTED CONTENTS NOTE | |
| Formatted contents note | Primera Parte: 1.La base de recursos de la industria – 2.La estructura mundial de la producción – 3.La estructura de la producción los factores determinantes. segunda parte: 4.La estructura del consumo de petróleo – 5.Factores determinantes de la estructura de la demanda del petróleo .Tercera parte: 6.La estructura del refinado y los determinantes de la localización de las refinerías – 7.Transporte y distribución. Cuarta parte: CONCLUSION 8.La industria del petróleo y el desarrollo económico. |
| 590 ## - LOCAL NOTE (RLIN) | |
| Local note | niveau_biblio:m niveau_hierar:0 |
| 700 1# - ADDED ENTRY--PERSONAL NAME | |
| Personal name | Casahuga Vinardell, Antonio |
| 942 ## - ADDED ENTRY ELEMENTS (KOHA) | |
| Koha item type | |
| Withdrawn status | Lost status | Damaged status | Not for loan | Home library | Current library | Shelving location | Date acquired | Total checkouts | Full call number | Barcode | Date last seen | Price effective from | Koha item type |
|---|---|---|---|---|---|---|---|---|---|---|---|---|---|
| Biblioteca Prof. Eusebio Cleto del Rey | Biblioteca Prof. Eusebio Cleto del Rey | 07/04/2026 | 665.6/.7 O23 | L33535 | 07/04/2026 | 07/04/2026 | Libro | ||||||
| Biblioteca Prof. Eusebio Cleto del Rey | Biblioteca Prof. Eusebio Cleto del Rey | 07/04/2026 | 665.6/.7 O23 | L33534 | 07/04/2026 | 07/04/2026 | Libro |